|
|
|
|
| LEADER |
00000njm a2200000 a 4500 |
| 001 |
vtls001458783 |
| 003 |
SK-MaSNL |
| 005 |
20260426000006.0 |
| 008 |
160624s2002 xo 0 slo |
| 015 |
|
|
|a SNBJ2003/03-01829
|
| 035 |
|
|
|a SNK000414090
|
| 040 |
|
|
|a SNK
|b slo
|c SNK
|e AACR2
|
| 041 |
0 |
|
|a slo
|
| 044 |
|
|
|a xo
|c SK
|
| 072 |
|
7 |
|a 78
|2 konspekt
|
| 080 |
|
|
|a 785.16
|2 1981
|
| 080 |
|
|
|a (086.76)
|2 1981
|
| 080 |
|
|
|a 784.66:785.16(086.76)
|2 2. slo
|
| 080 |
|
|
|a 785.16
|2 2. slo
|
| 245 |
1 |
|
|a Koncert osobností. Rýmování o životě
|h zvukový dokument
|
| 260 |
|
|
|a [Praha]
|b B & M Music
|c 2002
|
| 300 |
|
|
|a 1 kompaktná platňa
|b stereo
|
| 505 |
0 |
|
|a Obsahuje 14 piesní
|
| 511 |
|
|
|a Jan Chalupecký, dirigent
|
| 511 |
|
|
|a Účinkujú: Richard Müller, Lucie Bílá, Jana Kirschner, Milan Lasica, Iva Bittová, Petr Hapka, Hana Hegerová
|
| 511 |
|
|
|a Hrá Pražský studiový symfonický orchestr, Orchestr Petra Maláska
|
| 650 |
0 |
7 |
|a populárne piesne
|2 SNK
|9 3446
|
| 650 |
0 |
7 |
|a populárna hudba
|x piesne populárne
|x platne kompaktné
|2 SNK
|9 301592
|
| 650 |
0 |
7 |
|a piesne populárne
|x platne kompaktné
|2 SNK
|9 65281
|
| 650 |
0 |
7 |
|a hudba
|2 konspekt
|9 1063
|
| 655 |
|
7 |
|a kompaktné platne
|2 SNK
|9 70690
|
| 655 |
|
7 |
|a populárna hudba
|2 SNK
|9 301593
|
| 655 |
|
7 |
|a kompaktné platne
|2 SNK
|9 70690
|
| 700 |
1 |
|
|a Chalupecký, Jan
|4 dir
|9 549484
|
| 700 |
1 |
|
|a Malásek, Petr,
|d 1964-
|4 dir
|
| 700 |
1 |
|
|a Müller, Richard,
|d 1961-
|4 uci
|9 92700
|
| 700 |
1 |
|
|a Bílá, Lucie,
|d 1966-
|4 uci
|9 137312
|
| 700 |
1 |
|
|a Kirscherová, Jana
|4 uci
|9 549485
|
| 700 |
1 |
|
|a Lasica, Milan,
|d 1940-2021
|4 uci
|9 93511
|
| 700 |
1 |
|
|a Bittová, Iva,
|d 1958-
|4 uci
|9 1637015
|
| 700 |
1 |
|
|a Hapka, Petr,
|d 1944-2014
|4 uci
|9 104009
|
| 700 |
1 |
|
|a Hegerová, Hana,
|d 1931-2021
|4 uci
|9 111892
|
| 710 |
0 |
|
|a Pražský štúdiový symfonický orchester
|4 uci
|9 549486
|
| 710 |
0 |
|
|a Orchestr Petra Maláska
|4 uci
|9 35580
|
| 999 |
|
|
|c 843439
|d 845369
|
| 952 |
|
|
|t P60, <03>, [AUDIO], {603}
|a SNK
|b SNK
|y PREZ
|7 0
|p 17A0395005
|o snkSCD 1544
|i snkJK 504/2003
|g 14.61
|0 0
|1 0
|4 0
|d 2003-08-20
|l 0
|r 2005-01-02 00:00:00
|w 2026-02-24
|